All Time WAR Leader From Every Country In MLB History - Statistics

General Stats
  • This quiz has been taken 15 times
  • The average score is 12 of 48
Answer Stats
Hint Answer % Correct
United States (Giants LF) Barry Bonds (162.8)
100%
Dominican Republic (Cardinals 1B) Albert Pujols (101.2)
91%
Puerto Rico (Pirates RF) Roberto Clemente (95.0)
91%
Japan (Mariners RF) Ichiro Suzuki (60.0)
82%
Venezuela (Tigers 1B) Miguel Cabrera (67.2)
73%
Curacao (Braves CF) Andruw Jones (62.7)
64%
Panama (Yankees CP) Mariano Rivera (56.3)
64%
Mexico (Dodgers SP) Fernando Valenzuela (41.4)
55%
South Korea (Rangers RF) Shin-Soo Choo (34.7)
55%
Canada (Cubs SP) Fergie Jenkins (84.1)
45%
Brazil (Guardians C) Yan Gomes (18.5)
45%
Netherlands (Twins SP) Bert Blyleven (94.5)
36%
Bahamas (Yankees 2B) Jazz Chisholm Jr (12.3*)
36%
Cuba (Rangers 1B) Rafael Palmeiro (71.9)
36%
Aruba (Padres SS) Xander Bogaerts (42.0*)
36%
Honduras (Astros UTIL) Mauricio Dubon (7.4*)
27%
Philippines (Diamondbacks RP) Bobby Chouinard (1.4)
18%
Taiwan (Yankees SP) Chien-Ming Wang (12.5)
18%
Vietnam (Reds RP) Danny Graves (5.6)
18%
Nicaragua (Orioles SP) Dennis Martinez (48.7)
18%
Colombia (Cardinals SS) Edgar Renteria (32.4)
18%
South Africa (Pirates 2B) Gift Ngoepe (0.1)
18%
Australia (Rays RP) Grant Balfour (9.2)
18%
Peru (Phillies SP) Jesus Luzardo (11.4*)
18%
Indonesia (Guardians RP) Tom Mastny (-0.7)
18%
Greece (Dodgers 2B) Al Campanis (-0.2)
9%
France (Braves SP) Charlie Lea (7.4)
9%
China (Yankees 1B) Harry Kingman (0.0)
9%
Afghanistan (Brewers RP) Jeff Bronkey (0.5)
9%
United Kingdom (Blues SP) Jim McCormick (76.2)
9%
Norway (Grooms OF) John Anderson (28.8)
9%
Guam (Blue Jays 3B) John Hattig (0.3)
9%
Poland (Orioles SP) Moe Drabowsky (19.7)
9%
Italy (Tigers 3B) Reno Bertoia (-1.2)
9%
American Samoa (Angels 1B) Tony Solaita (8.0)
9%
Belgium (Athletics LF) Brian Lesher (-1.1)
0%
Spain (Twins RP) Bryan Oelkers (-0.9)
0%
Russia (Cardinals C) Eddie Ainsmith (6.2)
0%
Sweden (Nationals SP) Eric Erickson (3.0)
0%
Czech Republic (Cardinals C) Frank Meek (0.1)
0%
Austria (Phillies SP) Frank Ulrich (8.1)
0%
Germany (Braves 2B) Glenn Hubbard (19.2)
0%
Virgin Islands (Yankees 2B) Horace Clarke (15.7)
0%
Portugal (Red Sox RP) Isaiah Campbell (-0.9*)
0%
Wales (Browns 3B) Jimmy Austin (22.8)
0%
Denmark (Red Sox OF) Olaf Henriksen (1.8)
0%
Singapore (Cubs RF) Robin Jennings (-1.5)
0%
Ireland (Reds SP) Tony Mullane (66.6)
0%
No matching quizzes found
Score Distribution
Percent of People with Each Score
Percentile by Number Answered
Your Score History
You have not taken this quiz